000
00307nam a22001217a 4500
999
_c
4515
_d
4515
008
250226b ||||| |||| 00| 0 eng d
020
_a
9780192757845
082
_a
823.92 OWE
100
_a
OWEN,LAURA
_e
AUTHOR
245
_a
WHIZZ-BANG WINNIE
260
_a
GREAT BRITAIN
_b
OXFORD UNIVERSITY PRESS
942
_2
ddc